000 00320nam a2200145Ia 4500
100 _aProductivity Development Team
650 _aTPM
942 _cBK
245 _aTPM for every operator
260 _bProduction Pres Inc
_c1992
082 _a658
_bPDT
300 _a123
546 _aENGLISH
_cInfo.Tech
999 _c26852
_d26852